Normal view
MARC view
- Sonawane Yashswini- 2K231057 & Dr. Ashok Pawar - Guide
Entry Personal Name
001 - CONTROL NUMBER
- control field: 211771
003 - CONTROL NUMBER IDENTIFIER
- control field: OSt
005 - DATE AND TIME OF LATEST TRANSACTION
- control field: 20250327162658.0
008 - FIXED-LENGTH DATA ELEMENTS
- fixed length control field: 250327|| aca||aabn | a|a d
040 ## - CATALOGING SOURCE
- Original cataloging agency: OSt
- Transcribing agency: OSt
100 ## - HEADING--PERSONAL NAME
- Personal name: Sonawane Yashswini- 2K231057 & Dr. Ashok Pawar - Guide
670 ## - SOURCE DATA FOUND
- Source citation: Work cat.: (OSt)365806: Sonawane Yashswini- 2K231057 & Dr. Ashok Pawar - Guide , Enhancing Brand Awareness on LinkedIn Through Strategic Content for AceCoder IT, December 2024